000 00847nam a2200217 i 4500
001 36912
003 ES-MaACL
005 20230906155451.0
007 t|
008 030219s1972 sp ||||1| spa d
100 1 _aBrun Marina, José María.
_932143
245 1 4 _aLas transformaciones de Fourier y Laplace /
_cpor José María Brun Marina.
260 _aMadrid :
_bUniversidad de Madrid, Facultad de Ciencias,
_c1972.
300 _a48 p. ;
_c29 cm.
500 _aEjemplar multicopista.
504 _aPrecede al tít.: Universidad Complutense de Madrid. Facultad de Ciencias. Departamento de Física de la Tierra y del Cosmos.
650 4 _aFourier, Transformaciones de.
_9162507
650 4 _aLaplace, Transformación de.
_9144579
710 2 _aUniversidad de Madrid.
_bFacultad de Ciencias.
_97210
852 _aES-MaACL
_jC-50758
_bR.85355
999 _c36912
_d36912